Normal view MARC view
  • Sánchez Azuara, Gilberto

Entry Nombre Personal

Number of records used in: 20

001 - NUMERO DE CONTROL

  • campo de control: 29931

003 - IDENTIFICADOR DE NUMERO DE CONTROL

  • campo de control: MX-MxUPN

005 - FECHA Y HORA DE LA ÜLTIMA TRANSACCIÓN

  • campo de control: 20220518160630.0

008 - DATOS DE LONGITUD FIJA

  • campo de control de longitud fija: 220518nabacannaabn a aaa |d

035 ## - NUMERO DE CONTROL

  • Número de control: UPN11000002037

040 ## - FUENTE DE CATALOGACIÓN

  • Agencia original de catalogación: MX-MxUPN
  • Lenguaje de catalogación: spa
  • Agencia de transcripción: MX-MxUPN

100 1# - ENCABEZAMIENTO - NOMBRE PERSONAL

  • Nombre personal: Sánchez Azuara, Gilberto

670 ## - FUENTE EN LA QUE SE LOCALIZARON DATOS

  • Cita de la fuente: Español segundo grado : educación secundaria, 1977:
  • Información localizada: portada (Gilberto Sánchez Azuara)

902 ## - CATALOGADOR

  • Catalogador: DAA/ 240908